01636cam a22003015a 45000010009000000050017000090080041000260200015000670200018000820400061001000820021001611000044001822450098002262500030003242600046003543000036004005000067004365040053005035050452005566500041010086500038010496530036010877000016011237000028011399420008011679990017011759520142011921243761720160105150008.0130930t2015 nyua frb 001 0 eng d a1259253740 a9781259253744 aDLCbengcDLCdYDXdYDXCPdOCLCFdUKMGBdSIITEdEG-ScBUE04a658.311222bHEN1 aHeneman, Herbert Gerhard,d1944-93898210aStaffing organizations /cHerbert G. Heneman III, Timothy A. Judge, John D. Kammeyer-Mueller. a8th ed, International ed. aNew York :bMcGraw-Hill Education,c2015. axviii, 750 p. :bill. ;c24 cm. aThis International student edition is for use outside the U.S. aIncludes bibliographical references and indexes.0 aThe nature of staffing -- Staffing models and strategy -- Support activities -- Legal compliance -- Planning -- Job analysis and rewards -- Staffing activities: recruitment -- External recruitment -- Internal recruitment -- Staffing activities : selection -- Measurement -- External selection -- Internal selection -- Decision making -- Final match -- Staffing system and retention -- Management -- Staffing system management -- Endnotes -- Index. 7aEmployeesxRecruiting.2BUEsh938983 7aEmployee selection.2BUEsh938981 bBUSADMcAugust2015cJanuary20161 aJudge, Tim.1 aKammeyer-Mueller, John. 2ddc c20436d20408 00102ddc40708BaccahaMAINbMAINc1STd2015-08-03ePurchaseg394.00h21758l0o658.311 HENp000039016r2025-07-15 00:00:00v493.00yBB